000 00252nam a22001097a 4500
008 170116b xxu||||| |||| 00| 0 eng d
020 _a9780781715621
041 _aeng
080 _26TH
_a618.2
245 _aNURSING RESEARCH
_cPOLIT, D.F
942 _2udc
_cBK
999 _c2954
_d2954